[Event "BCF-ch U14"]
[Site "Bournemouth"]
[Date "2016.07.24"]
[Round "1"]
[White "Westwood Dunkley, Hugo"]
[Black "Pollack, Oscar"]
[Result "0-1"]
[WhiteElo "1577"]
[BlackElo "1866"]
[PlyCount "30"]
[EventDate "2016.07.24"]
[EventType "swiss"]
[EventRounds "7"]
[EventCountry "ENG"]
[SourceTitle "EXT 2017"]
[Source "ChessBase"]
[SourceDate "2016.10.25"]
[SourceVersion "1"]
[SourceVersionDate "2016.10.25"]
[SourceQuality "1"]

1. e4 e6 2. Nc3 d5 3. d4 Bb4 4. exd5 exd5 5. Bd3 Nc6 6. a3 Ba5 7. Be3 Nf6 8. Nf3 0-0 9. 0-0 Re8 10. Re1 Bg4 11. Bb5 Ne4 12. Bd2 Bxf3 13. gxf3 Bxc3 14. Bxc3 Qg5+ 15. Kh1 Nxf2# 0-1

[Event "BCF-ch U14"]
[Site "Coventry"]
[Date "2015.08.05"]
[Round "5"]
[White "Westwood Dunkley, Hugo"]
[Black "Hinterreither, Nikolai"]
[Result "0-1"]
[WhiteElo "1480"]
[BlackElo "1695"]
[PlyCount "40"]
[EventDate "2015.08.02"]
[EventType "swiss"]
[EventRounds "7"]
[EventCountry "ENG"]
[SourceTitle "CBM 167 Extra"]
[Source "ChessBase"]
[SourceDate "2015.09.14"]
[SourceVersion "1"]
[SourceVersionDate "2015.09.14"]
[SourceQuality "1"]

1. e4 c5 2. Nc3 Nc6 3. f4 g6 4. Nf3 Bg7 5. Bc4 e6 6. e5 Nge7 7. Bb3 a6 8. Ne4 b6 9. Nd6+ Kf8 10. Ng5 Nf5 11. Ndxf7 Qe7 12. Nxh8 Bxh8 13. c3 Bxe5 14. Nxe6+ dxe6 15. fxe5 Qh4+ 16. Kf1 Ng3+ 17. Kg1 Nxh1 18. Kxh1 Nxe5 19. h3 Bb7 20. d4 Qxh3+ 0-1

[Event "BCF-ch U12"]
[Site "Aberystwyth"]
[Date "2014.08.01"]
[Round "7"]
[White "Ali, Niall"]
[Black "Westwood Dunkley, Hugo"]
[Result "1-0"]
[WhiteElo "117"]
[BlackElo "100"]
[PlyCount "101"]
[EventDate "2014.07.27"]
[EventType "swiss"]
[EventRounds "7"]
[EventCountry "WLS"]
[SourceTitle "EXT 2017"]
[Source "ChessBase"]
[SourceDate "2016.10.25"]
[SourceVersion "1"]
[SourceVersionDate "2016.10.25"]
[SourceQuality "1"]

1. Nf3 c6 2. g3 d5 3. Bg2 Nf6 4. c4 Bf5 5. cxd5 Nxd5 6. d3 Nf6 7. 0-0 e6 8. b3 Bc5 9. Bb2 Nbd7 10. Kh1 0-0 11. e4 Bg4 12. Qc2 Qb6 13. Ne1 e5 14. f4 Bd4 15. Nc3 Qc5 16. Rc1 Be3 17. Ra1 exf4 18. gxf4 Qh5 19. e5 Nd5 20. Nxd5 cxd5 21. Bxd5 Rac8 22. Qg2 Bh3 23. Qf3 g6 24. Qxh5 gxh5 25. Rf3 Bxf4 26. Rxf4 Rc5 27. Bxb7 Nxe5 28. Bxe5 Rxe5 29. Be4 f5 30. Nf3 Rc5 31. Ng5 Rfc8 32. Nxh3 fxe4 33. Rg1+ Kh8 34. Ng5 Rxg5 35. Rxg5 exd3 36. Rd4 h6 37. Rg1 Rc2 38. Rxd3 Rxa2 39. Rd8+ Kh7 40. Rd7+ Kh8 41. Rdg7 Ra1 42. Rg8+ Kh7 43. Rxa1 Kxg8 44. Rxa7 Kf8 45. b4 h4 46. b5 Ke8 47. b6 Kd8 48. Rc7 h5 49. h3 Ke8 50. b7 Kd8 51. b8Q# 1-0

[Event "BCF-ch U12"]
[Site "Aberystwyth"]
[Date "2014.07.27"]
[Round "1"]
[White "Choo, Yin Benjamin"]
[Black "Westwood Dunkley, Hugo"]
[Result "1-0"]
[WhiteElo "115"]
[BlackElo "100"]
[PlyCount "99"]
[EventDate "2014.07.27"]
[EventType "swiss"]
[EventRounds "7"]
[EventCountry "WLS"]
[SourceTitle "EXT 2017"]
[Source "ChessBase"]
[SourceDate "2016.10.25"]
[SourceVersion "1"]
[SourceVersionDate "2016.10.25"]
[SourceQuality "1"]

1. c4 c6 2. Nc3 d5 3. cxd5 cxd5 4. Nf3 Nc6 5. g3 Nf6 6. Bg2 e5 7. d3 Bb4 8. a3 Bxc3+ 9. bxc3 0-0 10. 0-0 Re8 11. Bg5 h6 12. Bxf6 Qxf6 13. Qb3 Rd8 14. Nd2 d4 15. Ne4 Qe7 16. Rfc1 dxc3 17. Nxc3 Be6 18. Bd5 Bxd5 19. Nxd5 Qd7 20. Rc5 b6 21. Rxc6 Qxd5 22. Qxd5 Rxd5 23. Rac1 Ra5 24. R1c3 Rd8 25. Rc7 Kf8 26. Rb7 f6 27. Rcc7 g5 28. Rf7+ Kg8 29. Rxa7 Rxa7 30. Rxa7 Rb8 31. Rc7 Ra8 32. Rc3 Kf7 33. Kg2 b5 34. Rb3 Ra5 35. Kf3 Ke6 36. Kg4 Kd5 37. e3 e4 38. d4 Kc4 39. Rb4+ Kc3 40. d5 Rxa3 41. Rxb5 Ra2 42. Rb6 Rxf2 43. d6 Kd3 44. d7 Kxe3 45. Rb3+ Kd4 46. d8Q+ Ke5 47. Rb5+ Ke6 48. Qd5+ Ke7 49. Rb7+ Ke8 50. Qg8# 1-0